[Event "Baile Felix Cup 26th"]
[Site "Baile Felix"]
[Date "2011.05.23"]
[Round "6"]
[White "Cornea, Alexandru"]
[Black "Mihut, Ioan"]
[Result "1/2-1/2"]
[WhiteElo "1895"]
[BlackElo "2053"]
[PlyCount "45"]
[EventDate "2011.05.20"]
[EventType "swiss"]
[EventRounds "7"]
[EventCountry "ROU"]
[SourceTitle "CBM 142 Extra"]
[Source "ChessBase"]
[SourceDate "2011.06.27"]
[SourceVersion "1"]
[SourceVersionDate "2011.06.27"]
[SourceQuality "1"]

1. c4 f5 2. g3 e6 3. Bg2 Nf6 4. Nf3 d5 5. 0-0 c6 6. d3 Bc5 7. Nc3 0-0 8. cxd5 exd5 9. e3 Qe7 10. Qc2 Nbd7 11. a3 Bb6 12. b4 a6 13. Na4 Ba7 14. Bb2 Ng4 15. Bd4 Bb8 16. Rae1 Bc7 17. Nc5 Nxc5 18. Bxc5 Bd6 19. e4 dxe4 20. dxe4 Bxc5 21. bxc5 fxe4 22. Rxe4 Qf7 23. Ng5 1/2-1/2

[Event "Baile Felix Cup 26th"]
[Site "Baile Felix"]
[Date "2011.05.22"]
[Round "5"]
[White "Mihut, Ioan"]
[Black "Samu, Sorin Mihai"]
[Result "0-1"]
[WhiteElo "2053"]
[BlackElo "2126"]
[PlyCount "74"]
[EventDate "2011.05.20"]
[EventType "swiss"]
[EventRounds "7"]
[EventCountry "ROU"]
[SourceTitle "CBM 142 Extra"]
[Source "ChessBase"]
[SourceDate "2011.06.27"]
[SourceVersion "1"]
[SourceVersionDate "2011.06.27"]
[SourceQuality "1"]

1. f4 b6 2. Nf3 Bb7 3. e3 Nf6 4. d4 e6 5. Bd3 c5 6. c3 g6 7. 0-0 Bg7 8. Qe2 0-0 9. Nbd2 d5 10. a4 Nc6 11. Re1 Qc7 12. Nf1 Na5 13. Ng3 cxd4 14. exd4 Nb3 15. Rb1 Nxc1 16. Rbxc1 Qxf4 17. Ne5 Bh6 18. Rcd1 Rad8 19. Kh1 Nd7 20. Ng4 Bg7 21. Bb5 Nf6 22. Nf2 h5 23. Nh3 Qh4 24. Bd3 Ng4 25. Bb5 e5 26. Nf1 Rd6 27. Ne3 Re6 28. Nxg4 exd4 29. Qf2 Qxg4 30. Be2 Rxe2 31. Qxe2 dxc3 32. Qe7 Bc6 33. Qd6 Bxa4 34. Rxd5 cxb2 35. Rd2 Qe4 36. Rdd1 Bxd1 37. Qxd1 Qxe1+ 0-1

[Event "Felix Cup 22nd"]
[Site "Felix Spa"]
[Date "2007.05.31"]
[Round "9"]
[White "Mihut, Ioan"]
[Black "Bulmaga, Irina"]
[Result "0-1"]
[WhiteElo "2130"]
[BlackElo "2149"]
[PlyCount "150"]
[EventDate "2007.05.25"]
[EventType "swiss"]
[EventRounds "9"]
[EventCountry "ROU"]
[SourceTitle "CBM 118 Extra"]
[Source "ChessBase"]
[SourceDate "2007.07.04"]
[SourceVersion "1"]
[SourceVersionDate "2007.07.04"]
[SourceQuality "1"]

1. f4 Nf6 2. Nf3 g6 3. e3 c5 4. d4 Bg7 5. c3 0-0 6. Bc4 Qc7 7. Qe2 d6 8. 0-0 Nc6 9. Nbd2 e5 10. fxe5 dxe5 11. d5 Ne7 12. e4 Bg4 13. h3 Bd7 14. Rd1 Ne8 15. Nf1 Nc8 16. Ng3 Ned6 17. Bd3 c4 18. Bc2 Nb6 19. Be3 Na4 20. Rab1 b5 21. Re1 a5 22. Bxa4 bxa4 23. a3 Rab8 24. Rbd1 Rb5 25. Bc1 Rbb8 26. Kh1 Rbe8 27. Qc2 h6 28. Qe2 Kh7 29. Qc2 Qc8 30. Qe2 Qc7 31. Qc2 Rb8 32. Qe2 Rb7 33. Rf1 Qb6 34. Nh2 Qd8 35. Nf3 Qc8 36. Rfe1 Qc7 37. Nh4 Qd8 38. Nf3 Qe7 39. Qd2 Rfb8 40. Qe2 Rc7 41. Qe3 Rcc8 42. Qd2 Re8 43. Qc2 Rbc8 44. Qf2 Qd8 45. Qc2 Qe7 46. Qf2 Qf8 47. Qc2 f5 48. Qe2 f4 49. Nf1 Qf6 50. Qf2 g5 51. N1d2 h5 52. Ng1 g4 53. Rf1 Rf8 54. Rde1 Rce8 55. Re2 Bh6 56. Ree1 Bg5 57. Re2 Bh4 58. Qc5 Rc8 59. Qxa5 Qe7 60. Ngf3 gxf3 61. Nxf3 Bg3 62. Qa7 Ra8 63. Qc7 Rfc8 64. Qb6 Rab8 65. Qa7 Rb7 66. Qg1 Be8 67. Rd1 Qf6 68. Qf1 Rg7 69. Nd2 Bd7 70. Re3 Qe7 71. Rf3 Bg4 72. Rxg3 fxg3 73. Nf3 Bxf3 74. Qxf3 Qf7 75. Qe3 Rf8 0-1

[Event "Felix Cup 22nd"]
[Site "Felix Spa"]
[Date "2007.05.26"]
[Round "2"]
[White "Nemeth, Francisc"]
[Black "Mihut, Ioan"]
[Result "1-0"]
[WhiteElo "2430"]
[BlackElo "2130"]
[PlyCount "49"]
[EventDate "2007.05.25"]
[EventType "swiss"]
[EventRounds "9"]
[EventCountry "ROU"]
[SourceTitle "CBM 118 Extra"]
[Source "ChessBase"]
[SourceDate "2007.07.04"]
[SourceVersion "1"]
[SourceVersionDate "2007.07.04"]
[SourceQuality "1"]

1. e4 e5 2. Bc4 Nc6 3. Nf3 Bc5 4. c3 Qe7 5. 0-0 Nf6 6. d4 Bb6 7. Re1 0-0 8. h3 d6 9. a4 a6 10. Qd3 Kh8 11. Nbd2 Nh5 12. Nf1 f5 13. exf5 Bxf5 14. Qe2 Bg6 15. Bg5 Qe8 16. Qd2 h6 17. Be3 e4 18. Nh4 Bh7 19. g4 Qd8 20. Ng2 Nf6 21. Nf4 Qd7 22. Be6 Qe7 23. Bf5 g5 24. Ng6+ Bxg6 25. Bxg6 1-0

[Event "HUN-chT2 Maroczy 0203"]
[Site "Hungary"]
[Date "2003.04.06"]
[Round "10.6"]
[White "Francsics, Endre"]
[Black "Mihut, Ioan"]
[Result "1-0"]
[WhiteElo "2234"]
[BlackElo "2222"]
[PlyCount "115"]
[EventDate "2002.09.22"]
[EventType "team"]
[EventRounds "11"]
[EventCountry "HUN"]
[SourceTitle "EXT 2004"]
[Source "ChessBase"]
[SourceDate "2003.11.25"]
[SourceVersion "1"]
[SourceVersionDate "2003.11.25"]
[SourceQuality "1"]
[WhiteTeam "Dunaharaszti"]
[BlackTeam "BIOGAL SE"]
[WhiteTeamCountry "HUN"]
[BlackTeamCountry "HUN"]

1. d3 d5 2. g3 e6 3. Bg2 f5 4. Nh3 Nf6 5. 0-0 c6 6. Nd2 Bc5 7. e4 fxe4 8. dxe4 0-0 9. e5 Ne8 10. Ne4 Be7 11. Neg5 h6 12. Nf3 Nd7 13. Nf4 Nc7 14. Bh3 Nc5 15. Nd4 Bg5 16. Bg4 Bxf4 17. Bxf4 Qe7 18. Bh5 Bd7 19. Qg4 Kh8 20. Be3 Be8 21. Bxe8 Qxe8 22. Nb5 Nxb5 23. Bxc5 Rf5 24. f4 b6 25. Bf2 Kh7 26. a4 Nc7 27. a5 c5 28. Qe2 Qc6 29. c3 Kg8 30. Rfc1 Rff8 31. b4 c4 32. axb6 axb6 33. Qe3 Rxa1 34. Rxa1 Rb8 35. g4 Nb5 36. Qf3 Ra8 37. Rc1 Re8 38. Be3 Qa8 39. h4 Qa3 40. g5 g6 41. gxh6 Kh7 42. Rc2 Qa1+ 43. Qf1 Qxf1+ 44. Kxf1 Rf8 45. Kg2 Ra8 46. Bc1 Ra4 47. h5 gxh5 48. f5 exf5 49. Kg3 Ra7 50. Kf4 Rc7 51. Be3 Kg6 52. Bxb6 Rc6 53. Be3 Ra6 54. Rg2+ Kxh6 55. Kxf5+ Kh7 56. e6 Nc7 57. Rg6 Ne8 58. Rh6+ 1-0

[Event "HUN-chT2 Maroczy 0203"]
[Site "Hungary"]
[Date "2003.02.02"]
[Round "6.6"]
[White "Mihut, Ioan"]
[Black "Somogyi, Istvan"]
[Result "1/2-1/2"]
[WhiteElo "2222"]
[BlackElo "2261"]
[PlyCount "147"]
[EventDate "2002.09.22"]
[EventType "team"]
[EventRounds "11"]
[EventCountry "HUN"]
[SourceTitle "EXT 2004"]
[Source "ChessBase"]
[SourceDate "2003.11.25"]
[SourceVersion "1"]
[SourceVersionDate "2003.11.25"]
[SourceQuality "1"]
[WhiteTeam "BIOGAL SE"]
[BlackTeam "Stat PSC II"]
[WhiteTeamCountry "HUN"]
[BlackTeamCountry "HUN"]

1. f4 d5 2. e3 Nf6 3. Nf3 g6 4. d4 Bg7 5. Bd3 0-0 6. Nbd2 b6 7. Qe2 c5 8. c3 Bb7 9. 0-0 Nbd7 10. Ng5 e6 11. Qf3 Qe7 12. Nh3 Ne8 13. a4 Nd6 14. a5 b5 15. a6 Bc6 16. Qe2 Rab8 17. Nf2 b4 18. Ra5 Qd8 19. Ra1 Qb6 20. Nf3 Bb5 21. Ne5 Rfd8 22. Bxb5 Nxb5 23. Bd2 Qd6 24. Nxd7 Rxd7 25. Nd3 bxc3 26. bxc3 cxd4 27. cxd4 Rc7 28. Bb4 Qd7 29. Bc5 Nc3 30. Qc2 Ne4 31. Rac1 Bf8 32. Qa2 Bxc5 33. Nxc5 Nxc5 34. Rxc5 Rxc5 35. dxc5 Rc8 36. Qa5 Rc6 37. Rc1 Qc8 38. Qb5 Rxa6 39. c6 Rb6 40. Qc5 Qc7 41. Kf2 a5 42. Kf3 Rb8 43. Qa3 Ra8 44. Qa4 Ra7 45. Qd4 Ra6 46. Qa4 Ra8 47. Rb1 Rc8 48. Rc1 Qb6 49. g4 Qb4 50. Qa1 a4 51. c7 a3 52. Rb1 Qe4+ 53. Kf2 d4 54. Rb8 Qc2+ 55. Kf3 Qc6+ 56. e4 Qxc7 57. Rxc8+ Qxc8 58. Qxa3 Qd8 59. Qd3 Qh4 60. e5 Qh3+ 61. Ke4 Qxh2 62. Qxd4 Qe2+ 63. Qe3 Qxe3+ 64. Kxe3 h5 65. Kf3 Kg7 66. Kg3 Kh6 67. Kh4 hxg4 68. Kxg4 Kg7 69. Kg5 f5 70. exf6+ Kf7 71. Kh4 Kxf6 72. Kg4 Kf7 73. Kg5 Kg7 74. Kh4 1/2-1/2

[Event "Debrecen DEAC op"]
[Site "Debrecen"]
[Date "2002.10.20"]
[Round "6.3"]
[White "Kanyadi, Zoltan"]
[Black "Mihut, Ioan"]
[Result "1-0"]
[WhiteElo "2035"]
[BlackElo "2222"]
[PlyCount "123"]
[EventDate "2002.10.18"]
[EventType "swiss"]
[EventRounds "7"]
[EventCountry "HUN"]
[SourceTitle "EXT 2004"]
[Source "ChessBase"]
[SourceDate "2003.11.25"]
[SourceVersion "1"]
[SourceVersionDate "2003.11.25"]
[SourceQuality "1"]

1. e4 e5 2. Nf3 Nc6 3. Bb5 a6 4. Ba4 Nf6 5. 0-0 Be7 6. Re1 b5 7. Bb3 0-0 8. h3 d6 9. c3 Na5 10. Bc2 c5 11. d4 Nc6 12. a4 Bd7 13. d5 Na5 14. b3 Nb7 15. Nbd2 Ne8 16. Nf1 f5 17. exf5 Bxf5 18. Bxf5 Rxf5 19. axb5 axb5 20. Rxa8 Qxa8 21. Qd3 Qc8 22. Ng3 Rf8 23. Qxb5 Nc7 24. Qd3 Nd8 25. Ng5 Bxg5 26. Bxg5 Nf7 27. Bd2 Qd7 28. Ra1 Ne8 29. Ne4 Nh8 30. Ng5 Nf6 31. c4 Rb8 32. Rb1 Nf7 33. Nxf7 Qxf7 34. b4 cxb4 35. Rxb4 Rc8 36. Qf5 Qd7 37. Qxd7 Nxd7 38. f4 h6 39. Kf2 Nc5 40. Ke2 e4 41. Be3 Nd3 42. Rb6 Rd8 43. Rb7 Rc8 44. Rb6 Rd8 45. g3 Rc8 46. Rc6 Rd8 47. Bd4 Rd7 48. Ke3 Kf7 49. Kxe4 Nb4 50. Rb6 Re7+ 51. Be5 Nxd5 52. cxd5 dxe5 53. fxe5 Ra7 54. Kf5 Ra5 55. Rb7+ Kf8 56. Ke6 Ra8 57. Rf7+ Kg8 58. d6 Re8+ 59. Re7 Ra8 60. d7 Kf8 61. Rf7+ Kg8 62. Rf3 1-0

[Event "HUN-chT2 0102"]
[Site "Hungary"]
[Date "2002.04.21"]
[Round "11"]
[White "Mihut, Ioan"]
[Black "Nogrady, Vilmos"]
[Result "1-0"]
[WhiteElo "2190"]
[BlackElo "2296"]
[PlyCount "60"]
[EventDate "2001.??.??"]
[EventType "team"]
[EventRounds "11"]
[EventCountry "HUN"]
[SourceTitle "EXT 2004"]
[Source "ChessBase"]
[SourceDate "2003.11.25"]
[SourceVersion "1"]
[SourceVersionDate "2003.11.25"]
[SourceQuality "1"]

1. f4 c5 2. e3 Nc6 3. d4 d5 4. c3 e6 5. Nf3 Nf6 6. Bd3 Ne4 7. 0-0 f5 8. Ne5 g6 9. Nd2 Be7 10. Qe2 Bd7 11. Rd1 c4 12. Bc2 b5 13. Ndf3 a5 14. Nxc6 Bxc6 15. Ne5 Qc7 16. a4 b4 17. Bxe4 fxe4 18. Qg4 Bd7 19. Bd2 b3 20. Be1 Bf6 21. Bh4 Qd8 22. Nc6 Qb6 23. Bxf6 Rf8 24. Ne5 Rxf6 25. Qh4 Rf8 26. g4 Qd6 27. Kg2 Qe7 28. Qxe7+ Kxe7 29. h4 Rf6 30. Kg3 Raf8 1-0

[Event "HUN-chT2 0102"]
[Site "Hungary"]
[Date "2002.02.10"]
[Round "7"]
[White "Gara, Gyorgy"]
[Black "Mihut, Ioan"]
[Result "0-1"]
[WhiteElo "2175"]
[BlackElo "2190"]
[PlyCount "48"]
[EventDate "2001.??.??"]
[EventType "team"]
[EventRounds "11"]
[EventCountry "HUN"]
[SourceTitle "EXT 2004"]
[Source "ChessBase"]
[SourceDate "2003.11.25"]
[SourceVersion "1"]
[SourceVersionDate "2003.11.25"]
[SourceQuality "1"]

1. d4 d5 2. Nc3 f5 3. Bg5 Nf6 4. Bxf6 exf6 5. e3 c6 6. Bd3 Bd6 7. Qf3 g6 8. h4 h5 9. Nge2 Nd7 10. 0-0-0 Qe7 11. Rhe1 Nf8 12. Ng3 Kf7 13. Nce2 Qc7 14. Kb1 Be6 15. Nf4 Bxf4 16. exf4 Re8 17. Nf1 Nd7 18. Ne3 b5 19. g3 Nb6 20. b3 a5 21. a3 Qd7 22. Kb2 Rb8 23. Qe2 Rb7 24. Qd2 Qc7 0-1

[Event "HUN-chT2 0102"]
[Site "Hungary"]
[Date "2001.10.14"]
[Round "2"]
[White "Toth, Janos"]
[Black "Mihut, Ioan"]
[Result "0-1"]
[WhiteElo "2218"]
[BlackElo "2190"]
[PlyCount "52"]
[EventDate "2001.??.??"]
[EventType "team"]
[EventRounds "11"]
[EventCountry "HUN"]
[SourceTitle "EXT 2004"]
[Source "ChessBase"]
[SourceDate "2003.11.25"]
[SourceVersion "1"]
[SourceVersionDate "2003.11.25"]
[SourceQuality "1"]

1. d4 d5 2. Nf3 e6 3. c4 f5 4. Nc3 Nf6 5. Bg5 c6 6. e3 Bd6 7. Bd3 0-0 8. 0-0 Qe8 9. Bxf6 Rxf6 10. a3 Nd7 11. b4 Qe7 12. Qa4 dxc4 13. Be2 b5 14. Qc2 Rb8 15. e4 fxe4 16. Nxe4 Rh6 17. Rfe1 Bxh2+ 18. Nxh2 Qh4 19. Bf3 Qxh2+ 20. Kf1 Nf6 21. Nxf6+ Rxf6 22. Bxc6 Bb7 23. Bxb7 Rxb7 24. Qe4 Rbf7 25. f3 Rg6 26. g4 Rgf6 0-1

[Event "Nyiregyhaza op"]
[Site "Nyiregyhaza"]
[Date "2001.07.07"]
[Round "1"]
[White "Kanyadi, Zoltan"]
[Black "Mihut, Ioan"]
[Result "1/2-1/2"]
[WhiteElo "2007"]
[BlackElo "2190"]
[PlyCount "138"]
[EventDate "2001.07.07"]
[EventType "swiss"]
[EventRounds "9"]
[EventCountry "HUN"]
[SourceTitle "EXT 2008"]
[Source "ChessBase"]
[SourceDate "2007.11.25"]
[SourceVersion "1"]
[SourceVersionDate "2007.11.25"]
[SourceQuality "1"]

1. e4 e5 2. Nf3 Nc6 3. Bb5 a6 4. Bxc6 dxc6 5. 0-0 Bg4 6. h3 Bxf3 7. Qxf3 Qf6 8. Qb3 0-0-0 9. d3 g5 10. Be3 Ne7 11. Nd2 Ng6 12. Nc4 Qe6 13. Bxg5 Re8 14. Na5 Qxb3 15. Nxb3 Rg8 16. Kh1 Bd6 17. g3 Nf8 18. Bd2 Ne6 19. Rae1 h5 20. Re3 Rg6 21. Rf3 f6 22. Rf5 Ng7 23. Rf3 b6 24. Re1 a5 25. a4 Ne6 26. Rf5 Ng7 27. Rf3 Ne6 28. c3 c5 29. Na1 Rd8 30. Nc2 Be7 31. Na3 Rd7 32. Kg2 Rg8 33. Kf1 Rgd8 34. Ke2 c4 35. Nxc4 Nc5 36. Ra1 Nb3 37. Re1 Nc5 38. Ra1 Nxd3 39. Bh6 Nc5 40. Be3 Nxe4 41. Rf5 Rh8 42. Kf3 Nd6 43. Nxd6+ Rxd6 44. Ke2 Kd7 45. g4 hxg4 46. hxg4 Ke6 47. Rh5 Rg8 48. f3 Kf7 49. Rh7+ Rg7 50. Rxg7+ Kxg7 51. Rd1 Rc6 52. Rd7 Kf7 53. Rd1 Ke6 54. Kd3 Rd6+ 55. Kc2 Rxd1 56. Kxd1 f5 57. gxf5+ Kxf5 58. Ke2 e4 59. Bg1 Bd6 60. c4 exf3+ 61. Kxf3 Ke5 62. Ke2 Ke4 63. Kd2 Bf4+ 64. Kc2 Bd6 65. Bf2 Bc5 66. Bg3 Kd4 67. Bxc7 Kxc4 68. Bd8 Kb4 69. b3 b5 1/2-1/2

[Event "Hajduboszormeny Cup"]
[Site "Hajduboszormeny"]
[Date "1999.07.30"]
[Round "8"]
[White "Mihut, Ioan"]
[Black "Szabo, Gergely Andras"]
[Result "1-0"]
[WhiteElo "2159"]
[BlackElo "2250"]
[PlyCount "120"]
[EventDate "1999.07.24"]
[EventType "swiss"]
[EventRounds "9"]
[EventCountry "HUN"]
[SourceTitle "EXT 2001"]
[Source "ChessBase"]
[SourceDate "2000.11.22"]
[SourceVersion "1"]
[SourceVersionDate "2000.11.22"]
[SourceQuality "1"]

1. f4 e5 2. fxe5 d6 3. exd6 Bxd6 4. Nf3 g5 5. d4 g4 6. Ng5 f5 7. e4 h6 8. e5 Bf8 9. Nh3 gxh3 10. Qh5+ Ke7 11. Bc4 Qe8 12. Qxh3 Kd8 13. 0-0 c6 14. c3 Ne7 15. Nd2 Nd7 16. Nf3 Nb6 17. Bb3 Qg6 18. Qh4 Kc7 19. Bf4 Ned5 20. Bd2 Be7 21. Qf2 Be6 22. c4 Nb4 23. d5 cxd5 24. c5 Nd7 25. Bxb4 Rac8 26. Rac1 Kb8 27. Ba3 Rhg8 28. c6 Bxa3 29. cxd7 Rxc1 30. Rxc1 Be7 31. Rc8+ Rxc8 32. dxc8Q+ Kxc8 33. Qxa7 f4 34. Qd4 Qb1+ 35. Kf2 Qf5 36. Qc3+ Kb8 37. Bc2 Qf7 38. a3 Bg4 39. Nd4 Bd8 40. h3 Bd7 41. Qb4 Bc7 42. Nf3 Ka7 43. a4 Bc6 44. a5 Ka8 45. Qc3 Qe7 46. b4 Bb8 47. Bd3 Ba7+ 48. Kf1 Qd8 49. Nd4 Qe8 50. e6 f3 51. Nxf3 Qxe6 52. Qe5 Qxe5 53. Nxe5 Be8 54. b5 Bd4 55. Nf3 Bc3 56. a6 bxa6 57. bxa6 Ka7 58. Nh2 Ba4 59. Kf2 Bd4+ 60. Ke2 Bb3 1-0

[Event "Hajduboszormeny Cup"]
[Site "Hajduboszormeny"]
[Date "1999.07.29"]
[Round "7"]
[White "Lengyel, Ferenc"]
[Black "Mihut, Ioan"]
[Result "1-0"]
[WhiteElo "2248"]
[BlackElo "2159"]
[PlyCount "113"]
[EventDate "1999.07.24"]
[EventType "swiss"]
[EventRounds "9"]
[EventCountry "HUN"]
[SourceTitle "EXT 2001"]
[Source "ChessBase"]
[SourceDate "2000.11.22"]
[SourceVersion "1"]
[SourceVersionDate "2000.11.22"]
[SourceQuality "1"]

1. Nf3 d5 2. c4 e6 3. e3 c6 4. b3 f5 5. Bb2 Nf6 6. Qc2 Bd6 7. cxd5 exd5 8. Bd3 Ne4 9. Bxg7 Rg8 10. Qb2 Qc7 11. Bh6 Nd7 12. g3 Ndc5 13. Be2 Bd7 14. Bf4 0-0-0 15. Bxd6 Qxd6 16. d3 Nf6 17. Qe5 Qf8 18. Nbd2 Re8 19. Qd4 Rg4 20. Qc3 Qd6 21. Rc1 Na6 22. Nd4 Rg6 23. N2f3 Ng4 24. Nh4 Rgg8 25. Ng2 Kb8 26. Nf3 Nb4 27. Qd2 Na6 28. Nf4 Nc5 29. b4 Na6 30. a3 Re7 31. h3 Nf6 32. Nd4 Nc7 33. Bf3 Qe5 34. Nde2 Nfe8 35. Qc3 Qd6 36. Qc5 Qf6 37. Nh5 Qf7 38. Nd4 Na6 39. Qc3 Nd6 40. a4 Rc8 41. 0-0 Qf8 42. Nf4 Qg7 43. Bg2 Qf7 44. Qb3 Nc7 45. b5 cxb5 46. Qb4 Nde8 47. axb5 Re5 48. Ra1 Qf6 49. Rfc1 Qd6 50. Qb2 Na8 51. Rxc8+ Bxc8 52. Qa2 Qc5 53. Nxd5 Be6 54. Nb3 Bxd5 55. Nxc5 Bxa2 56. Nd7+ Kc7 57. Nxe5 1-0

[Event "Hajduboszormeny Cup"]
[Site "Hajduboszormeny"]
[Date "1999.07.28"]
[Round "6"]
[White "Mihut, Ioan"]
[Black "Borsavolgyi, Tamas"]
[Result "1-0"]
[WhiteElo "2159"]
[BlackElo "2289"]
[PlyCount "79"]
[EventDate "1999.07.24"]
[EventType "swiss"]
[EventRounds "9"]
[EventCountry "HUN"]
[SourceTitle "EXT 2001"]
[Source "ChessBase"]
[SourceDate "2000.11.22"]
[SourceVersion "1"]
[SourceVersionDate "2000.11.22"]
[SourceQuality "1"]

1. f4 d6 2. Nf3 g6 3. e3 Bg7 4. Bc4 Nh6 5. d4 Nd7 6. c3 0-0 7. 0-0 c6 8. Nbd2 Qc7 9. Bb3 e5 10. fxe5 dxe5 11. a4 b6 12. Re1 Ba6 13. Bc4 Bb7 14. a5 Rad8 15. axb6 axb6 16. Ra7 b5 17. Bf1 Qb6 18. Ra1 exd4 19. Nxd4 Rfe8 20. N2b3 Ne5 21. Bd2 Bc8 22. Ra8 Bd7 23. Rxd8 Rxd8 24. Qa1 c5 25. Nf3 Nhg4 26. h3 Nxf3+ 27. gxf3 Ne5 28. Bg2 Be6 29. Nd4 cxd4 30. exd4 Bxh3 31. Be3 Nd3 32. Bxh3 Nxe1 33. Qxe1 Bf8 34. Bg5 Ra8 35. Qe4 Ra2 36. Qe8 Rxb2 37. Be7 h5 38. Qxf8+ Kh7 39. Qxf7+ Kh6 40. Bf6 1-0

[Event "HUN-chT2 9798"]
[Site "Hungary"]
[Date "1998.??.??"]
[Round "?"]
[White "Donka, Peter"]
[Black "Mihut, Ioan"]
[Result "1-0"]
[WhiteElo "2245"]
[BlackElo "2180"]
[PlyCount "121"]
[EventDate "1997.??.??"]
[EventType "team"]
[EventRounds "11"]
[EventCountry "HUN"]
[SourceTitle "EXT 1999"]
[Source "ChessBase"]
[SourceDate "1998.11.16"]
[SourceVersion "1"]
[SourceVersionDate "1998.11.16"]
[SourceQuality "1"]

1. Nf3 d5 2. b3 e6 3. Bb2 f5 4. d3 Nf6 5. Nbd2 Bc5 6. d4 Bd6 7. e3 0-0 8. c4 c6 9. Bd3 Qe7 10. c5 Bc7 11. 0-0 Nbd7 12. b4 a5 13. b5 Ne4 14. a4 Qf6 15. Nb3 g5 16. Ne1 g4 17. Bxe4 dxe4 18. Qd2 Qh6 19. g3 Nf6 20. b6 Bb8 21. Nxa5 Nd5 22. Nc4 Rf6 23. Kh1 Qf8 24. a5 Rh6 25. Ng2 Qe7 26. Nf4 Ra6 27. Kg2 Qf8 28. h4 gxh3+ 29. Nxh3 e5 30. Nxe5 Bxe5 31. dxe5 Rxh3 32. Kxh3 f4+ 33. e6 Bxe6+ 34. g4 Qh6+ 35. Kg2 Bxg4 36. f3 Nxe3+ 37. Kg1 Nxf1 38. Qd8+ Kf7 39. Qc7+ Kg6 40. Qd6+ Kg5 41. Qe7+ Kh5 42. fxg4+ Kxg4 43. Rxf1 Qg6 44. Qd7+ Qf5 45. Qg7+ Qg5 46. Qd7+ Qf5 47. Qxf5+ Kxf5 48. Bc3 e3 49. Rd1 Ra8 50. Rd7 Rg8+ 51. Kf1 f3 52. Rxb7 Rd8 53. Rf7+ Kg4 54. Re7 Rd1+ 55. Be1 Kf4 56. b7 Rb1 57. Rf7+ Ke4 58. a6 Rb2 59. a7 Rg2 60. Re7+ Kd3 61. Rxe3+ 1-0

[Event "HUN-chT2 9899"]
[Site "Hungary"]
[Date "1998.??.??"]
[Round "?"]
[White "Farkas, Tibor"]
[Black "Mihut, Ioan"]
[Result "0-1"]
[WhiteElo "2340"]
[BlackElo "2180"]
[PlyCount "78"]
[EventDate "1998.??.??"]
[EventType "team"]
[EventRounds "12"]
[EventCountry "HUN"]
[SourceTitle "EXT 2000"]
[Source "ChessBase"]
[SourceDate "1999.11.16"]
[SourceVersion "1"]
[SourceVersionDate "1999.11.16"]
[SourceQuality "1"]

1. e4 e5 2. Nf3 Nc6 3. d4 exd4 4. Nxd4 Bc5 5. Be3 Qf6 6. c3 d6 7. g3 Be6 8. Bg2 Nge7 9. 0-0 Bb6 10. f4 h6 11. Qd2 Rd8 12. Na3 a6 13. Nac2 0-0 14. Qf2 Kh8 15. b3 Ng8 16. Nxc6 Bxe3 17. Qxe3 bxc6 18. e5 Qg6 19. Be4 Bf5 20. Bxf5 Qxf5 21. Nd4 Qd7 22. e6 fxe6 23. Nxe6 Rfe8 24. Rae1 Nf6 25. f5 Nd5 26. Qd4 Ra8 27. c4 Nf6 28. g4 Qf7 29. h4 c5 30. Qf4 Rac8 31. g5 Ng8 32. Qg4 a5 33. f6 g6 34. Nf4 Rcd8 35. Kf2 h5 36. Qh3 c6 37. Rxe8 Rxe8 38. Re1 Nxf6 39. gxf6 Rxe1 0-1

[Event "HUN-chT2 9798"]
[Site "Hungary"]
[Date "1998.??.??"]
[Round "?"]
[White "Mihut, Ioan"]
[Black "Boricsev, Oleg"]
[Result "0-1"]
[WhiteElo "2180"]
[BlackElo "2320"]
[PlyCount "118"]
[EventDate "1997.??.??"]
[EventType "team"]
[EventRounds "11"]
[EventCountry "HUN"]
[SourceTitle "EXT 1999"]
[Source "ChessBase"]
[SourceDate "1998.11.16"]
[SourceVersion "1"]
[SourceVersionDate "1998.11.16"]
[SourceQuality "1"]

1. f4 d5 2. Nf3 Nf6 3. e3 Bg4 4. d4 Nbd7 5. Bd3 Ne4 6. 0-0 Ndf6 7. c3 e6 8. Nbd2 Be7 9. Qb3 Bxf3 10. Nxf3 Qc8 11. Bd2 0-0 12. Be1 Ng4 13. Bh4 Bxh4 14. Bxe4 dxe4 15. Nxh4 Nxe3 16. Rfe1 Nf5 17. Nxf5 exf5 18. g4 b6 19. Qd5 fxg4 20. Rxe4 c6 21. Qg5 h6 22. Qh5 Re8 23. Rae1 Qd7 24. Rxe8+ Rxe8 25. Rxe8+ Qxe8 26. Qxg4 Qe4 27. Qd7 Qb1+ 28. Kg2 Qxb2+ 29. Kf1 Qb1+ 30. Kf2 Qxa2+ 31. Kf1 Qc4+ 32. Kf2 a5 33. h4 Qa2+ 34. Kg3 Qc2 35. h5 Qxc3+ 36. Kg4 Qc4 37. Qc8+ Kh7 38. Qf5+ g6 39. hxg6+ fxg6 40. Qd7+ Kg8 41. Qe8+ Kg7 42. Qe5+ Kf7 43. Qc7+ Ke6 44. Qc8+ Kd5 45. Qd7+ Ke4 46. Qe7+ Kxd4 47. Qf6+ Ke3 48. Qxg6 Qxf4+ 49. Kh3 Qf3+ 50. Kh2 h5 51. Qe6+ Qe4 52. Qa2 a4 53. Qa3+ Kd2 54. Qb2+ Qc2 55. Qd4+ Ke2 56. Qe5+ Kd3+ 57. Kh3 a3 58. Qg3+ Kd2 59. Qf4+ Kc3 0-1